000 00740cam a22002413a 4500
001 20287
003 PGUSA
005 20140828083429.0
008 070104s2007||||xxu|||||s|||||000 | eng d
040 _aPGUSA
_beng
042 _adc
050 4 _aDA
100 1 _aCarr, E. Donald
_q(Edmund Donald),
_d-1900
245 1 2 _aA Night in the Snow ;
_bor, A Struggle for Life
_h[electronic resource] /
_cE. Donald Carr
260 _bProject Gutenberg,
_c2007
506 _aPublic domain in the USA.
516 _aElectronic text
653 _aWilderness survival -- England -- Long Mynd
653 _aBlizzards -- England -- Long Mynd
830 0 _aProject Gutenberg
_v20287
856 4 0 _uhttp://www.gutenberg.org/ebooks/20287
942 _cEB
999 _c249542
_d249542